LEADER 00822cam0 22002773 450 001 SON0007652 005 20210416071855.0 010 $a8804410353 100 $a20031111d1996 |||||ita|0103 ba 101 $aita 102 $aIT 200 1 $aIcona$fFrederick Forsyth 210 $aMilano$cArnoldo Mondadori Editore$d1996 215 $a452p.$d22 cm 225 2 $aOmnibus 410 1$1001LAEC00019181$12001 $a*Omnibus 700 1$aForsyth$b, Frederick$3AF00014306$4070$0168021 801 0$aIT$bUNISOB$c20210416$gRICA 850 $aUNISOB 852 $aUNISOB$j853$m87679 912 $aSON0007652 940 $aM 102 Monografia moderna SBN 941 $aM 957 $a853$b000840$gSI$d87679$rACQUISTO$1Spinosa$2UNISOB$3UNISOB$420200227102909.0$520200227102918.0$6Spinosa 996 $aIcona$91672465 997 $aUNISOB